Library Banner

Studies in Pakistani culture (Record no. 68189)

MARC details
000 -LEADER
fixed length control field 00402nam a22001457a 4500
005 - DATE AND TIME OF LATEST TRANSACTION
control field 20150325124947.0
008 - FIXED-LENGTH DATA ELEMENTS--GENERAL INFORMATION
fixed length control field 150325b xxu||||| |||| 00| 0 eng d
040 ## - CATALOGING SOURCE
Transcribing agency PK-LaUMT
082 ## - DEWEY DECIMAL CLASSIFICATION NUMBER
Classification number KHC 306.44
Item number KAL-S
100 ## - MAIN ENTRY--PERSONAL NAME
Personal name Kalim, M. Siddiq
245 ## - TITLE STATEMENT
Title Studies in Pakistani culture
Remainder of title an international perspective
Statement of responsibility, etc M. Siddiq Kalim
260 ## - PUBLICATION, DISTRIBUTION, ETC. (IMPRINT)
Place of publication, distribution, etc Lahore
Name of publisher, distributor, etc Vnaguard
Date of publication, distribution, etc 2001
300 ## - PHYSICAL DESCRIPTION
Extent 235 p.
942 ## - ADDED ENTRY ELEMENTS (KOHA)
Koha item type Books
Holdings
Withdrawn status Lost status Damaged status Home library Current library Date acquired Full call number Barcode Date last seen Price effective from Koha item type
      UMT Main Campus UMT Main Campus 2015-03-25 KHC 306.44 KAL-S 69103 2021-05-03 2015-03-25 Books